000
00275nam a2200109Ia 4500
008
220204s9999 xx 000 0 und d
082
_a
681.846.7
_b
SAL
100
_a
Salem, W G
245
0
_a
Tape recording for fun and profit
260
_a
England
_b
Foulsham
_c
1975
942
_c
BK
999
_c
27566
_d
27566